Normal view MARC view
  • Electric filters, Bandpass

Entry Topical Term

Number of records used in: 1

001 - CONTROL NUMBER

  • control field: 37095

003 - CONTROL NUMBER IDENTIFIER

  • control field: OSt

005 - DATE AND TIME OF LATEST TRANSACTION

  • control field: 20150112101603.0

008 - FIXED-LENGTH DATA ELEMENTS

  • fixed length control field: 150112|| aca||babn | a|a d

040 ## - CATALOGING SOURCE

  • Original cataloging agency: OSt

150 ## - HEADING--TOPICAL TERM

  • Topical term or geographic name as entry element: Electric filters, Bandpass

450 ## - SEE FROM TRACING--TOPICAL TERM

  • Topical term or geographic name entry element: Bandpass filters

550 ## - SEE ALSO FROM TRACING--TOPICAL TERM

  • Topical term or geographic name entry element: Electric filters